000
002230000a22000970004500
100
1
_a
Tersteegen, Gerhard
245
1
0
_a
Constraining love
300
_a
Vol. 21, Núm 2 2003), Páginas 34-36
773
0
_t
Evangel
942
_c
ANA
999
_c
54353
_d
54353